00959nam a2200313Ia 4500008004100000020001900041100002200060245002300082245012400105260001500229260002000244260000900264300001700273300003100290300001100321440002300332440001100355500004800366650002200414650002000436650001900456650002500475650004900500650002200549650002200571650002200593650002200615700000800637160803s9999 xx 000 0 und d a978-0439841191 aStilton, Geronimo aWedding crasher /  cGeronimo Stilton ; illustrations by Roberto Ronchi, Christian Aliprandi ; English translation by Edizioni Piemme S.p.A. aNew York : bScholastic Inc. c2007 a111 pages :  bcolor illustration, maps ; c20 cm. aGeronimo Stilton ; vbk. 28 aTranslation of: Benvenuti a rocca taccagna. aHumorous stories. aJournalists --  aNewspapers --  aSex role -- Fiction. aStilton, Geronimo (Fictitious character) --  xJuvenile fiction. xJuvenile fiction. xJuvenile fiction. xJuvenile fiction. a580